000 00719cam a2200229 a 4500
001 000007799
005 20200929154313.0
008 940314s1992 sp 000 1 spa
020 _a840800154X
040 _aDO-SdBNP
_cDLC
082 _a863.64
_bC448c
100 1 _aChamorro, Eduardo,
_d1946-
_921508
245 1 3 _aLa cruz de Santiago /
_cEduardo Chamorro.
260 _aBarcelona :
_bPlaneta,
_c1992.
300 _a285 p. ;
_c21 cm.
490 1 _aAutores Españoles e Hispanoamericanos
500 _a"Finalista Premio Planeta 1992".
650 4 _aNovela española
_91123
650 4 _aLiteratura española
_9632
830 0 _aAutores Españoles e Hispanoamericanos
_95042
910 _aCatalogación por copia / LC
999 _c7577
_d7577